| 000 | 00897 a2200169 4500 | ||
|---|---|---|---|
| 003 | Nust | ||
| 005 | 20230310121709.0 | ||
| 040 | _cNust | ||
| 082 | _a371.102,MAC | ||
| 100 |
_aA. H. Mackenzie _9110150 |
||
| 245 |
_aInstruction in Indian secondary schools / _cA.H. Mackenzie |
||
| 260 |
_aLondon _bOxford universty press _c1918 |
||
| 300 | _a367,p: | ||
| 505 | _aMoral Training and School Discipline (Page-20), School Management its Principles and Practice (Page-62), Class Teaching (Page-89), The Teaching of English I (Page-105), The Teaching of English 2 (Page-145), The Teaching of History (Page-172), The Teaching of Geography (Page-201), The Teaching of Nature Study (Page-270), The Teaching of Physics and Chemistry (Page-297), The Teaching of Drawing (Page-318), The Teaching of Educational Handbook (Page-342). | ||
| 650 |
_aInstruction in indian secondary _9110151 |
||
| 942 |
_2ddc _cBK |
||
| 999 |
_c185991 _d185991 |
||